00544nam a2200169Ia 4500001001000000003000500010008004100015010001100056040000900067100002900076245010100105260003000206300001000236440003300246650002300279710007200302Para_6844CHAP220125s1981 xx 000 0 und d a203688 cCHAP aOsoria Rodríguez, Luis aGuía para cultivar frijol de temporal en el estado de Tlaxcala /c por Luis Osoria Rodríguez aMéxico :b INIA. CIAMEC a12 p. aFolleto para productores; 10 aFrijol x Tlaxcala aInstituto Nacional de Investigaciones Agrícolas (México) CIAMEC